Central Library OPAC University of Rajshahi

Five approaches of literary criticism : (Record no. 20967)

MARC details
000 -LEADER
fixed length control field 00831cam a22002651 4500
001 - CONTROL NUMBER
control field 20967
003 - CONTROL NUMBER IDENTIFIER
rucl marc code BD-RjUL
005 - DATE AND TIME OF LATEST TRANSACTION
control field 20211209000631.0
008 - FIXED-LENGTH DATA ELEMENTS--GENERAL INFORMATION
fixed length control field 140302s1962 nyu b 001 0 eng
035 ## - SYSTEM CONTROL NUMBER
System control number (BD-RjUL)21029
System control number (OCoLC)503385
040 ## - CATALOGING SOURCE
Original cataloging agency DLC
Transcribing agency OYU
Modifying agency OCoLC
-- BD-RjUL
Language of cataloging eng
041 ## - LANGUAGE CODE
Language code of text/sound track or separate title eng
082 00 - DEWEY DECIMAL CLASSIFICATION NUMBER
Classification number 809
Author mark and year SCF 1962
100 1# - MAIN ENTRY--PERSONAL NAME
Personal name Scott, Wilbur S.
Fuller form of name (Wilbur Stewart),
Dates associated with a name 1914-2005,
9 (RLIN) 64777
245 10 - TITLE STATEMENT
Title Five approaches of literary criticism :
Remainder of title an arrangement of contemporary critical essays /
Statement of responsibility, etc. Wilbur S. Scott.
260 ## - PUBLICATION, DISTRIBUTION, ETC. (IMPRINT)
Place of publication, distribution, etc. New York :
Name of publisher, distributor, etc. Macmillan,
Date of publication, distribution, etc. c1962.
300 ## - PHYSICAL DESCRIPTION
Pagination 351 p. ;
Size 22 cm.
504 ## - BIBLIOGRAPHY, ETC. NOTE
Bibliography, etc Includes bibliography and index.
650 #0 - SUBJECT ADDED ENTRY--TOPICAL TERM
Topical term or geographic name as entry element Criticism.
9 (RLIN) 64778
Topical term or geographic name as entry element Literature
General subdivision History and criticism.
9 (RLIN) 64779
942 ## - ADDED ENTRY ELEMENTS (KOHA)
Source of classification or shelving scheme Dewey Decimal Classification
Koha item type Books
Holdings
Lost status Source of classification or shelving scheme Damaged status Not for loan Collection code Permanent Location Current Location Shelving location Date acquired Source of acquisition Cost, normal purchase price Total Checkouts Full call number Date last seen Copy number Koha item type
  Dewey Decimal Classification   Added to bundle Non-fiction Central Library, University of Rajshahi Central Library, University of Rajshahi Reading Room 09/04/1964 Zeitlinger 50.00   809 SCF 1962 02/03/2014 C-1 Books
  Dewey Decimal Classification     Non-fiction Central Library, University of Rajshahi Central Library, University of Rajshahi   02/07/1988 Gift     809 SCF 1962 03/03/2014 C-5 Books
  Dewey Decimal Classification     Non-fiction Central Library, University of Rajshahi Central Library, University of Rajshahi   26/12/2019       809 SCF 1962 26/12/2019 C-4 Books
  Dewey Decimal Classification     Non-fiction Central Library, University of Rajshahi Central Library, University of Rajshahi   04/04/1964 Zeitlinger 50.00   809 SCF 1962 27/01/2020 C-2 Books
  Dewey Decimal Classification     Non-fiction Central Library, University of Rajshahi Central Library, University of Rajshahi   04/04/1964 Zeitlinger 50.00   809 SCF 1962 27/01/2020 C-3 Books